L'Atlàntida : poema premiat per la Diputació de Barcelona en els Jochs Florals de 1877 / Jacinto Verdaguer poema premiat per la Diputació de Barcelona en els Jochs Florals de 1877 / Jacinto Verdaguer
MARC
| LEADER | 00000nam a2200000Ia 4500 | ||
|---|---|---|---|
| 001 | 2033 | ||
| 008 | 160829s1929) xx 000 0 cat d | ||
| 080 | |a R-12-83 | ||
| 100 | 1 | |a Verdaguer, Jacint, |d 1845-1902 |9 28800 | |
| 245 | |a L'Atlàntida : |b poema premiat per la Diputació de Barcelona en els Jochs Florals de 1877 / Jacinto Verdaguer | ||
| 260 | |a Barcelona : |b Real Academia de Buenas Letras : |b Consistori dels Jochs Florals sóts el Patronat de la Excelentíssima Diputació Provincial de Barcelona (Estampa de la Casa Miquel - Rius, |c 1929) | ||
| 300 | |a 372 p. : |b a tres tintes ; |c 35 cm | ||
| 590 | |a Text català original i versions castellana, francesa, italiana, portuguesa, provençal i llatina inèdita. | ||
| 590 | |a Edició del cinquantenari... | ||
| 590 | |a Exemplar numerat (núm. 123) | ||
| 700 | |a Reial Acadèmia de Bones Lletres de Barcelona | ||
| 710 | 1 | |a Barcelona (Catalunya : Província). |b Diputació |9 52408 | |
| 901 | |a Arxiu | ||
| 942 | |n 1 |2 udc | ||
| 952 | |0 0 |1 0 |4 0 |6 R1283 |7 1 |9 47417 |a Arxiu |b Arxiu |d 2016-12-01 |l 0 |o R-12-83 |p 2033 |r 2016-12-01 00:00:00 |w 2016-12-01 |y ARXIU | ||
| 999 | |c 51215 |d 51215 | ||
| 900 | |a bib_2033_1877_1927_baixa.pdf | ||